Statistics for Mexico - Largest cities

Click here to take the quiz!

General Stats

  • This quiz has been taken 23 times
  • The average score is 5 of 10

Answer Stats

HintAnswer% Correct
9.Monterrey
88%
7.Guadalajara
82%
2.Tijuana
82%
6.Ciudad Juárez
65%
5.Puebla
65%
1.
Ciudad de México
47%
4.León
35%
3.Ecatepec
24%
10.Nezahualcóyotl
12%
8.Zapopan
6%

Score Distribution

Percentile by Number Answered

Percent of People with Each Score

Your Score History

You have not taken this quiz